Grabados en madera de Francisco Zuñiga /

שמור ב:
מידע ביבליוגרפי
מחבר ראשי: Ferrero Acosta, Luis, 1930-2005
פורמט: לא ידוע
שפה:Spanish
נושאים:
תגים: הוספת תג
אין תגיות, היה/י הראשונ/ה לתייג את הרשומה!

MARC

LEADER 000000000a22000000004500
001 007215
041 0 |a spa 
100 1 |a Ferrero Acosta, Luis,   |d 1930-2005 
245 1 0 |a Grabados en madera de Francisco Zuñiga /   |c Luis Ferrero Acosta. 
650 4 |a ZUÑIGA, FRANCISCO, 1912- 
650 4 |a GRABADOS 
650 4 |a COSTA RICA 
773 0 |x 1013-9060  |d San José, Costa Rica : Editorial de la Universidad Estatal a Distancia  |t Revista Nacional de Cultura  |g número 34 (1998), páginas 27-37 
942 |c ARC 
999 |c 13331  |d 13331